00745nam a2200169 a 450000100100000000500170001000800410002704000250006810000350009324501210012826000480024930000210029770000240031895201050034295201110044799900170055800003838920201002031238.0130410s1995 dr 000 0 spa d aDO-SdBNPbspacBNPHU1 aEsconte Abreu, Alícia96473614aLos formularios y vias administrativas para la organización laboral /cAlícia Escoto Abreu, Eric Castro Polanco. aSanto Domingo :bBiblioteca Tele -3,c1995. a254 p. ;c22 cm.1 aCastro, Eric964737 0010718PDaPDbPDcCTd2013-04-10iLF1l0o p38389-10r2020-06-25w2020-06-25yLFPDZNo se presta 0010718PDaPDbPDcCTd2013-07-12iLF1l0o p38389-20r2020-06-25te. 2w2020-06-25yLFPDZNo se presta c37879d37879